Notti attiche.
Shranjeno v:
| Glavni avtor: | |
|---|---|
| Drugi avtorji: | , |
| Format: | Knjiga |
| Jezik: | angleščina |
| Izdano: |
Milano, Italia:
Biblioteca Universale Rizzoli,
1994.
|
| Izdaja: | Seconda edizione. |
| Serija: | Classici della BUR,
849. |
| Teme: | |
| Oznake: |
Označite
Brez oznak, prvi označite!
|
MARC
| LEADER | 00000nam a22000007a 4500 | ||
|---|---|---|---|
| 003 | CL-VaPUC | ||
| 005 | 20220822114428.0 | ||
| 008 | 220309t1994 ||||| |||| 00| 0 eng d | ||
| 999 | |c 434764 |d 434762 | ||
| 020 | |a 88-17-16849-1 (v.1) | ||
| 020 | |a 88-17-16850-5 (v.2) | ||
| 040 | |c Pontificia Universidad Católica de Valparaíso | ||
| 082 | 0 | 4 | |2 22 |a 878.01 GEL 1994 |
| 100 | 1 | |a Gelio, Aulo |e autore |9 867068 | |
| 245 | 1 | 0 | |a Notti attiche. |
| 250 | |a Seconda edizione. | ||
| 260 | |a Milano, Italia: |b Biblioteca Universale Rizzoli, |c 1994. | ||
| 300 | |a 2 Volúmenes. | ||
| 490 | 0 | |a Classici della BUR, |v 849. | |
| 500 | |a c.1 Volumen 1: Donación Familia Prof. Alejandro Guzmán Brito. c.1 Volumen 2: Donación Familia Prof. Alejandro Guzmán Brito. | ||
| 505 | |a v.1: (libri I-X). v.2: (libri XI-XX). | ||
| 546 | |a Testo latino a fronte. | ||
| 583 | |c 20220309 |k Yessy Stephany Diaz Vidal | ||
| 650 | 1 | 0 | |a Literatura latina |x Oratoria |9 870096 |
| 650 | 1 | |a Literatura latina |x Derecho romano |9 870097 | |
| 650 | 1 | |a Literatura latina |x Lógica |x Filosofía antigua |9 870098 | |
| 650 | 1 | |a Literatura latina |x Historia política |9 870099 | |
| 650 | 1 | |a Literatura latina |x Historia natural |9 870100 | |
| 650 | 1 | |a Literatura latina |x Gramática |x Lingüística |9 870101 | |
| 650 | 1 | |a Literatura latina |x Geometría |9 870102 | |
| 700 | |a Calcante, Cesare Marco |e introduzione |e (v.1) |9 867069 | ||
| 700 | |a Rusca, Luigi |e traduzione |e (v.1) |e traduzione |e note |e (v.2) |9 867070 | ||
| 942 | |2 ddc |c BK |n 0 | ||
| 952 | |0 0 |1 0 |2 ddc |4 0 |6 878_010000000000000_GEL_1994 |7 0 |8 C_AGB |9 581765 |a BIBDER |b BIBDER |d 2022-03-09 |e Donación |h v.1 |i 5650002 |o 878.01 GEL 1994 |p 5650002 |r 2023-01-25 |t 1 |w 2022-03-09 |y BK_US |k AGB | ||
| 952 | |0 0 |1 0 |2 ddc |4 0 |6 878_010000000000000_GEL_1994 |7 0 |8 C_AGB |9 581766 |a BIBDER |b BIBDER |d 2022-03-09 |e Donación |h v.2 |i 5650005 |o 878.01 GEL 1994 |p 5650005 |r 2023-01-25 |t 1 |w 2022-03-09 |y BK_US |k AGB | ||